[Event "VII Sunway Sitges Open 2020"]
[Site "Sitges"]
[Date "2020.12.14"]
[Round "2.26"]
[White "Degardin, Sylvain"]
[Black "Vasquez Schroeder, Rodrigo"]
[Result "0-1"]
[WhiteElo "2227"]
[BlackElo "2459"]
[Annotator "TA"]
[PlyCount "100"]
[EventDate "2020.12.13"]
[EventType "swiss"]
[EventCountry "ESP"]
[SourceTitle "playchess.com"]
[Source "ChessBase"]
[SourceQuality "1"]

{[%evp 16,100,24,31,46,41,41,22,29,31,36,10,27,-27,-29,-37,-33,-58,-25,-28,-20,-24,-31,-29,-22,-29,-22,-52,-54,-72,-41,-116,-108,-108,-109,-95,-94,-108,-51,-117,-116,-158,-147,-221,-185,-233,-239,-258,-258,-274,-254,-266,-268,-272,-276,-260,-180,-260,-247,-263,-245,-392,-331,-595,-614,-632,-622,-570,-428,-414,-425,-406,-418,-409,-386,-568,-552,-552,-531,-721,-712,-987,-955,-12843,-12843,-12844,-12844]} 1. e4 e5 2. Nf3 Nc6 3. Bb5 a6 4. Ba4 Nf6 5. O-O Be7 6. d3 d6 7. c3 O-O 8. Re1 b5 9. Bc2 Bb7 {C84: Closed Ruy Lopez: Unusual White 6th moves.} 10. Nbd2 Re8 11. d4 Bf8 {The position is equal.} 12. a3 Nb8 {[%cal Bc6b8,Bb8d7,Bd7b6][%mdl 32]} 13. b4 Nbd7 {[#]} 14. d5 $146 ({White should try} 14. Bb2) ({Predecessor:} 14. Bd3 d5 15. exd5 exd4 16. cxd4 Rxe1+ 17. Qxe1 Bxd5 18. Ne5 c6 19. Nf1 a5 20. Rb1 axb4 21. axb4 Nxe5 22. Qxe5 {0-1 (62) Antipov,M (2580)-Alekseev,E (2607) Sochi 2017}) 14... c6 $11 15. c4 Nb6 16. Qe2 h6 (16... Qd7 {looks sharper.} 17. dxc6 Qxc6 18. Bd3 Nxc4 19. Nxc4 bxc4 20. Bxc4 Nxe4 21. Bxf7+ Kxf7 22. Qxe4 Qxe4 23. Ng5+ Kg6) 17. Bb2 Nxc4 18. Nxc4 bxc4 19. dxc6 Bxc6 20. Qxc4 Qb6 21. h3 Rec8 {White must now prevent ...Bxe4.} 22. Qa2 Bd5 23. Bb3 {[#]} (23. Qb1 $15 Bc4 24. Re3) 23... Rc2 $1 $17 {[%mdl 512]} 24. Re3 (24. Bxc2 Bxa2) 24... Bxb3 $40 {[%mdl 128] Black has strong attack.} 25. Qxb3 Rac8 26. Rf1 Qc6 (26... g6 $17 27. Nh2 Be7) 27. Rfe1 {[#]} ({Better is} 27. Ne1 $1 $15 Rc4 28. f3) 27... Qc4 $1 28. Qxc4 R8xc4 29. Ba1 (29. R3e2 $17) 29... Be7 30. Kf1 Ra2 {Strongly threatening ...Rcc2.} 31. Rc3 Rxe4 32. Rc7 Rxe1+ ({Less strong is} 32... Rxa3 33. Bxe5 Rxe1+ 34. Nxe1 $17) 33. Nxe1 Nd5 ({Don't do} 33... Rxa3 34. Bxe5 Nd5 35. Rc8+ Kh7 36. Nc2 $17) 34. Rc8+ Kh7 35. Nc2 Nf4 36. Ke1 (36. h4 $142) 36... Bg5 37. Kd2 Nxg2+ {[%mdl 64] Discovered Attack} 38. Kd1 (38. Kc3 $142 Ne1 39. Bb2) 38... f6 39. Rc6 $2 (39. Rc3) 39... d5 $19 40. Rxa6 d4 {And now ...d3 would win.} 41. Rd6 Ne1 42. Kxe1 {Threatens to win with Kd1.} Rxc2 43. Bxd4 exd4 44. Rxd4 {[%mdl 4096] Endgame KRB-KR} Ra2 45. Kd1 (45. b5 $142 Rxa3 46. Rb4) 45... Rxf2 {Black is clearly winning.} 46. b5 Rb2 47. a4 f5 48. Rd5 f4 49. a5 f3 50. Rf5 f2 {Weighted Error Value: White=0.64/Black=0.14} 0-1

[Event "VII Sunway Sitges Open 2020"]
[Site "Sitges"]
[Date "2020.12.14"]
[Round "2.27"]
[White "Maurizzi, Marc Andria"]
[Black "Exposito Amaro, Josue"]
[Result "1-0"]
[WhiteElo "2445"]
[BlackElo "2273"]
[Annotator "TA"]
[PlyCount "73"]
[EventDate "2020.12.13"]
[EventType "swiss"]
[EventCountry "ESP"]
[SourceTitle "playchess.com"]
[Source "ChessBase"]
[SourceQuality "1"]

{[%evp 11,73,19,22,7,28,24,30,10,22,0,31,28,48,47,49,53,68,74,73,80,77,79,72,49,144,83,106,98,95,95,100,89,134,76,104,106,198,187,308,278,273,156,163,168,435,429,425,399,292,8,8,10,577,535,5893,5793,5557,5557,5094,2916,2874,2414,29984,1022]} 1. e4 {Stohl,I} e5 2. Bc4 Nf6 3. d3 c6 4. Nf3 Be7 5. O-O d6 6. Re1 O-O 7. Nbd2 {C24: Bishop's Opening: 2...Nf6.} Re8 8. c3 Bf8 9. Bb3 {White has an edge.} Be6 {[#]} 10. d4 $146 ({Predecessor:} 10. Bc2 Nbd7 11. h3 h6 12. d4 Qc7 13. c4 exd4 14. Nxd4 Qb6 15. Nxe6 Rxe6 16. Nf3 {0-1 (42) Hou,Y (2649)-Ivanchuk,V (2732) Shenzhen 2017 CBM 178 [Stohl,I]}) 10... Qc7 11. Bc2 Na6 12. Nf1 h6 13. Ng3 g6 14. h3 Rad8 15. Be3 Bg7 16. Qd2 Kh7 17. Rad1 (17. Qc1 {seems wilder.} Nb8 18. Nd2 Kg8 19. a3 Nbd7 20. f4) 17... d5 (17... Nb8 $14) 18. exd5 ({Reject} 18. dxe5 $6 dxe4 19. Qc1 exf3 $11) (18. Nxe5 $142 Nxe4 19. Nxe4 dxe4 20. Bf4) 18... Nxd5 19. dxe5 Nxe3 20. Qxe3 Rxd1 21. Rxd1 Bd5 22. Ne4 ({But not} 22. Qxa7 $6 Bxf3 23. gxf3 Bxe5 $14) ({Better is} 22. h4) 22... Bxe4 23. Qxe4 Bxe5 {[#]} (23... Nc5 $16 24. Qc4 Ne6) 24. Qg4 $1 $18 Re7 (24... Nb8 $142 25. h4 f5) 25. h4 {And now h5 would win.} f5 {[#]} 26. Qh3 ({White should try} 26. Bxf5 $1 $18 {[%mdl 512]} gxf5 27. Qxf5+ Kg7 28. h5) 26... h5 $16 {[#]} 27. Bxf5 $1 {[%mdl 512]} gxf5 $2 (27... Bf6 28. Ng5+ Kh6) 28. Qxf5+ $18 {[%mdl 64] Double Attack} Kg8 29. Ng5 {Black must now prevent Ne6.} Nc5 30. b4 $2 ({White should play} 30. Qg6+ $18 Kf8 31. g3) 30... Nd7 $1 $11 31. Ne6 $36 {[%mdl 2048] Black is under pressure.} Bh2+ $2 {[%mdl 8192] This move loses the game for Black.} (31... Qb8 $1 $11) 32. Kh1 $18 {Threatens to win with Qg6+.} Qe5 33. Qg6+ Kh8 {[#]} 34. Rxd7 $1 {[%mdl 576] Deflection, Decoy} Rxd7 35. Qe8+ {[%mdl 64] Double Attack} Kh7 36. Qxd7+ Kh6 37. Ng5 {Weighted Error Value: White=0.36/Black=0.60} (37. Qf7 $142 Qh8 38. g4 hxg4 39. h5 Qg8 40. Qxg8 Kxh5 41. Qh7#) 1-0

[Event "VII Sunway Sitges Open 2020"]
[Site "Sitges"]
[Date "2020.12.14"]
[Round "2.28"]
[White "Lever, Erwan"]
[Black "Gines Esteo, Pedro Antonio"]
[Result "0-1"]
[WhiteElo "2200"]
[BlackElo "2437"]
[Annotator "TA"]
[PlyCount "104"]
[EventDate "2020.12.13"]
[EventType "swiss"]
[EventCountry "ESP"]
[SourceTitle "playchess.com"]
[Source "ChessBase"]
[SourceQuality "1"]

{[%evp 9,104,12,84,65,106,100,111,113,108,108,102,111,86,112,99,0,29,0,0,-24,-24,-25,-54,-51,-33,-58,-9,-33,-12,-68,-21,-26,-13,-14,58,-33,16,12,83,46,20,0,0,-239,-240,-224,-206,-286,-244,-247,-256,-358,-342,-351,-363,-363,-328,-324,-318,-317,-279,-262,-179,-210,-167,-174,-181,-181,-177,-148,-105,-166,-159,-489,-488,-597,-584,-576,-537,-1053,-1046,-1017,-1046,-892,-752,-1003,-992,-1612,-1620,-1481,-1325,-29981,-29982,-29982,-29983,-29980,-5093]} 1. d4 f5 2. Bg5 h6 3. Bh4 g5 4. e4 Rh7 5. Be2 {[#]} e6 $146 (5... gxh4 $11 6. Bh5+ Rf7) ({Predecessor:} 5... Kf7 6. Bg3 f4 7. Bd3 e6 8. e5 Rg7 9. Bxf4 gxf4 10. Qh5+ Ke7 11. Qh4+ Ke8 12. Qh5+ Ke7 {½-½ (12) Dicu,D (2104)-Anghelus,A (2170) Calimanesti Caciulata 2019}) 6. Bh5+ {A80: Dutch Defence: Unusual White second moves.} Ke7 7. Bg3 {Hoping for exf5.} f4 8. Bxf4 $1 {White is better.} gxf4 9. Qg4 $1 Nf6 10. Qh4 Bg7 11. e5 {[%mdl 64] Pin} c5 12. Nd2 (12. exf6+ $6 Bxf6 13. Qxf4 cxd4 $11) (12. dxc5 $6 Qc7 $11) ({Better is} 12. d5 $16) 12... cxd4 $11 13. Ngf3 Nc6 14. O-O {Ne4 is the strong threat.} ({Much worse is} 14. exf6+ Bxf6 15. Qxf4 d5 $15) (14. Bg6 $5 {[%cal Rg6h7]} Rh8 15. Qxf4 $11 (15. exf6+ Bxf6 16. Qh5 Qa5 $17)) 14... d6 15. exf6+ Bxf6 16. Qxf4 {And now Ne4 would win.} e5 17. Qe4 Qg8 18. Kh1 Be6 19. Rfe1 (19. c3 $11) 19... Rc8 20. c3 dxc3 21. bxc3 Rg7 (21... Kd8 $11) 22. c4 (22. Qd3 $14) 22... Rxg2 (22... Kd8 {is interesting.} 23. Qe3 Rxg2 24. Ne4 Be7 25. c5 d5) 23. Rg1 d5 (23... Rg7 $11 {remains equal.}) 24. cxd5 Bxd5 {[%mdl 64] Double Attack} 25. Rxg2 Bxe4 26. Nxe4 $2 (26. Rxg8 $11 Bxf3+ 27. Bxf3 Rxg8 28. Rb1) 26... Qd5 $19 27. Re1 {intending Rg6.} Rg8 $1 28. Bg6 Bg5 29. Bh7 Rg7 30. Nexg5 {With the idea Be4.} Rxh7 (30... hxg5 $2 31. Be4 $19) 31. Nxe5 hxg5 ({Less strong is} 31... Nxe5 32. f4 $17) 32. Nxc6+ Kf6 33. Ne5 Re7 34. Ng4+ {[#]} Kf7 $1 {[%cal Re7e1]} 35. Ne3 Qa5 36. Rd1 Qxa2 37. Rxg5 Qa4 {White must now prevent ...Rxe3!} 38. Rdd5 Qc6 39. Kg1 {[#]} Re6 $1 40. h4 (40. Ng4 $17 {was necessary.}) 40... Rg6 41. Kh2 $2 {White does not recover from this.} (41. Rdf5+ $17 {is tougher.} Kg7 42. Ra5) 41... Rxg5 42. Rxg5 {[%mdl 4096] Endgame [#] KQ-KRN} a5 $1 {[%mdl 512]} 43. Ng4 {White threatens Ne5+ and mate.} (43. Rxa5 Qc7+) 43... Qc7+ 44. Ne5+ Ke6 45. f4 a4 46. Rg3 Qc2+ 47. Rg2 Qe4 48. Kg3 Kf5 49. Rf2 a3 50. Nf7 Qe3+ {Black mates.} 51. Kg2 {[#]} Qxf2+ $1 {[%mdl 512]} 52. Kxf2 a2 {Weighted Error Value: White=0.72/Black=0.20} (52... Kxf4 $142 53. Ng5 a2 54. Nh3+ {[#]} Kg4 $1 {[%mdl 576] Double Attack} 55. Ng5 a1=Q 56. Ke3 Kf5 57. Nf3 Qc3+ 58. Ke2 Qc4+ 59. Kd2 Qd5+ 60. Ke3 Qe4+ 61. Kf2 Kf4 62. Ng1 Qe3+ 63. Kf1 Qd2 64. Ne2+ Ke3 65. Kg2 Qxe2+ 66. Kh3 Qf3+ 67. Kh2 Kf2 68. h5 Qxh5#) 0-1

[Event "VII Sunway Sitges Open 2020"]
[Site "Sitges"]
[Date "2020.12.14"]
[Round "2.29"]
[White "Shatil, Shir"]
[Black "Batsiashvili, Nino"]
[Result "0-1"]
[WhiteElo "1920"]
[BlackElo "2460"]
[Annotator "RC"]
[PlyCount "89"]
[EventDate "2020.12.13"]
[EventType "swiss"]
[EventCountry "ESP"]
[SourceTitle "playchess.com"]
[Source "ChessBase"]
[SourceQuality "1"]
[TimeControl "40/5400+30:1800+30"]

1. d4 {[%emt 0:00:00]} Nf6 2. c4 {[%emt 0:00:00]} e6 {[%emt 0:00:00]} 3. Nc3 {[%emt 0:00:00]} Bb4 {[%emt 0:00:00]} 4. e3 {[%emt 0:00:00]} O-O 5. Bd3 {[%emt 0:00:00]} b6 {[%emt 0:00:37]} 6. Nge2 {[%emt 0:00:00]} Bb7 {[%emt 0:02:13]} 7. a3 {[%emt 0:02:01]} Be7 {[%emt 0:04:28]} 8. e4 {[%emt 0:02:28]} d5 {[%emt 0:01:40]} 9. e5 {[%emt 0:09:11]} Ne4 {[%emt 0:12:36]} 10. Qc2 {[%emt 0:08:24]} Nxc3 {[%emt 0:04:59]} 11. Nxc3 h6 {[%emt 0:00:06]} 12. cxd5 {[%emt 0:00:59]} exd5 {[%emt 0:01:24]} 13. Be3 {[%emt 0:04:59]} c5 {[%emt 0:03:07]} 14. Ne2 {[%emt 0:03:31]} Nc6 {[%emt 0:06:23]} 15. f4 {[%emt 0:04:01]} Rc8 {[%emt 0:03:36]} 16. Qd2 {[%emt 0:12:11]} Na5 {[%emt 0:10:47]} 17. f5 {[%emt 0:01:31]} Bh4+ {[%emt 0:02:00]} 18. g3 Bg5 {[%emt 0:00:04]} 19. Bxg5 {[%emt 0:03:04]} Qxg5 {[%emt 0:00:01]} 20. Qxg5 {[%emt 0:02:14]} hxg5 {[%emt 0:04:03]} 21. Bb5 {[%emt 0:06:56]} Bc6 {[%emt 0:00:02]} 22. Bxc6 {[%emt 0:07:07]} Nxc6 {[%emt 0:05:30]} 23. Rd1 {[%emt 0:02:11]} cxd4 {[%emt 0:00:35]} 24. O-O Rfe8 {[%emt 0:00:08]} 25. Nxd4 {[%emt 0:07:54]} Nxd4 {[%emt 0:00:30]} 26. Rxd4 {[%emt 0:00:03]} Rxe5 {[%emt 0:03:04]} 27. Rf2 Rc4 {[%emt 0:02:24]} 28. Rxc4 {[%emt 0:03:16]} dxc4 {[%emt 0:00:25]} 29. g4 {[%emt 0:06:43]} Kf8 30. Rc2 {[%emt 0:00:09]} Re4 {[%emt 0:01:46]} 31. h3 {[%emt 0:00:24]} b5 {[%emt 0:00:00]} 32. Kf2 Rd4 {[%emt 0:00:16]} 33. Re2 {[%emt 0:09:14]} Rd3 {[%emt 0:00:42]} 34. Kg2 {[%emt 0:00:41]} Rb3 {[%emt 0:00:14]} 35. Kh2 {[%emt 0:02:18]} a5 {[%emt 0:00:25]} 36. Rc2 {[%emt 0:03:46]} Ke7 {[%emt 0:00:49]} 37. a4 Kd6 {[%emt 0:00:01]} 38. axb5 {[%emt 0:01:04]} Kc5 {[%emt 0:00:27]} 39. Re2 {[%emt 0:01:07]} Kxb5 {[%emt 0:00:00]} 40. Re5+ {[%emt 0:00:00]} Kb4 {[%emt 0:00:00]} 41. Re2 {[%emt 0:00:32]} a4 {[%emt 0:00:55]} 42. Kg2 {[%emt 0:01:26]} f6 {[%emt 0:00:16]} 43. Kh2 {[%emt 0:00:09]} a3 {[%emt 0:00:04]} 44. bxa3+ Rxa3 {[%emt 0:00:07]} 45. Re7 {[%emt 0:01:27]} 0-1

[Event "VII Sunway Sitges Open 2020"]
[Site "Sitges"]
[Date "2020.12.14"]
[Round "2.30"]
[White "Pozanco Romasanta, Marc"]
[Black "Pellicer Roncero, Nestor"]
[Result "1-0"]
[WhiteElo "2116"]
[BlackElo "1920"]
[Annotator "TA"]
[PlyCount "51"]
[EventDate "2020.12.13"]
[EventType "swiss"]
[EventCountry "ESP"]
[SourceTitle "playchess.com"]
[Source "ChessBase"]
[SourceQuality "1"]

{[%evp 23,50,0,2,2,66,67,74,71,94,58,70,72,59,52,464,87,61,1,83,80,554,544,29990,29991,29997,667,29998,29999,29999]} 1. d4 d5 2. c4 e6 3. Nc3 Nf6 4. cxd5 exd5 5. Bg5 Be7 6. e3 Nbd7 {[%cal Bb8d7,Bd7f8,Bf8e6][%mdl 32]} 7. Nf3 c6 8. Qc2 Nf8 9. Bd3 Ne6 10. Bxf6 Bxf6 11. b4 {[%cal Bb2b4,Bb4b5][%mdl 32]} g6 12. O-O O-O 13. Rfd1 {[#] D36: Queen's Gambit Declined: Exchange Variation: Main line (5 Bg5 c6 6 Qc2).} b6 $146 (13... a6 $11) ({Predecessor:} 13... a6 14. a4 Ng5 15. Nxg5 Bxg5 16. b5 a5 17. Rdc1 Be7 18. bxc6 bxc6 19. Nb1 Bd7 20. Nd2 Bd6 {0-1 (29) Bourached,A (1963)-Baburin,A (2485) Bunratty 2015}) 14. b5 $14 c5 {[%cal Rc5d4] [#]} 15. Nxd5 $1 {[%mdl 512] Strongly threatening Be4.White is better.} Bg7 (15... Qxd5 16. Be4) 16. Rac1 Bb7 ({Reject} 16... Qxd5 $6 17. Be4 $18) 17. dxc5 Qxd5 ({Wrong is} 17... Bxd5 $2 18. Bc4 $18) 18. c6 {Bc4 is the strong threat.} Rac8 $2 {[%mdl 8192]} ({Black should play} 18... Bc8 $1 $14) 19. Bxg6 $2 (19. Bc4 $18 {is the precise move to win.} Qh5 20. cxb7) 19... Qxb5 $16 20. Bxh7+ Kh8 {[%cal Rc8c6]} 21. Be4 {[%mdl 1024] Black must now prevent Rd5. White has strong compensation.} Ba8 $2 {[%mdl 8192]} (21... Qh5 $16) 22. Rd5 $18 Qb2 23. Rh5+ Kg8 24. Bh7+ Kh8 {[#]} 25. Bg8+ $1 {[%mdl 576] Decoy, Clearance} Kxg8 26. Qh7# {Weighted Error Value: White=0.37/Black=1.36} 1-0

[Event "VII Sunway Sitges Open 2020"]
[Site "Sitges"]
[Date "2020.12.14"]
[Round "2.31"]
[White "Ribera Veganzones, Serni"]
[Black "Boixader Arbo, Xavier"]
[Result "1-0"]
[WhiteElo "1926"]
[BlackElo "2091"]
[Annotator "TA"]
[PlyCount "63"]
[EventDate "2020.12.13"]
[EventType "swiss"]
[EventCountry "ESP"]
[SourceTitle "playchess.com"]
[Source "ChessBase"]
[SourceQuality "1"]

{[%evp 13,63,38,48,47,43,50,42,56,85,70,105,108,127,130,218,231,248,239,242,235,289,277,336,343,697,683,1287,1247,1482,1454,1410,1236,1218,1218,1224,1239,1232,1198,1853,1793,1649,1376,29993,29994,29994,29995,29995,29992,29992,29993,29995,29994]} 1. e4 e6 2. d4 d5 3. Nd2 Nc6 4. Ngf3 Nf6 5. e5 Nd7 6. Nb3 a5 {6...a5 scores better than 6...Be7.} 7. a4 Be7 8. Bf4 {C04: French Tarrasch: 3...Nc6.} O-O 9. Bb5 f6 10. exf6 {White is slightly better.} Bxf6 11. O-O Ne7 {[#]} 12. Re1 $146 ({Predecessor:} 12. c3 Nf5 13. Re1 Re8 14. Nc1 c6 15. Bd3 Nf8 16. h3 b6 17. Bc2 Ba6 18. Nd3 Bxd3 19. Bxd3 {1-0 (56) Goh,W (2477)-Munkhgal,G (2435) Singapore 2018}) 12... c6 13. Bd3 c5 (13... Ng6 $16 14. Bg3 Re8) 14. dxc5 $18 Bxb2 {[#]} 15. Bxh7+ $1 {[%mdl 512]} Kh8 (15... Kxh7 16. Ng5+) 16. Ng5 Nf6 (16... Rxf4 $2 {[#]} 17. Qh5 $1 $18 {[%mdl 512]}) 17. Rb1 Qe8 18. Bd3 (18. Rxb2 Nxh7 19. Qd2 Nxg5 $18) 18... Qxa4 $2 (18... Bc3 19. Re3 (19. Nxe6 Bxe1 20. Qxe1 Bxe6 $16) 19... e5) 19. Bd6 ({Weaker is} 19. Rxb2 Qxf4 20. Qd2 (20. Nxe6 Bxe6 21. g3 Qb4 $11) 20... Qxd2 $14) 19... Bd4 20. Nxd4 Qxd4 21. Bxe7 Ng4 22. Bxf8 {Threatens to win with Nf7+.} Qxf2+ 23. Kh1 Qf4 24. Bd6 {Rf1 would kill now.} Qxg5 25. Qf3 {[%cal Rf3f8]} Bd7 26. Rf1 {Intending Qf8+! and mate.} Nf6 27. Qh3+ Kg8 {[#]} 28. Rxf6 $1 {White mates.} Qxf6 29. Qh7+ Kf7 30. Rf1 Qxf1+ 31. Bxf1 a4 32. Be5 {Black did not feel at home in the position after the opening.  Weighted Error Value: White=0.01/Black=0.75} 1-0

[Event "VII Sunway Sitges Open 2020"]
[Site "Sitges"]
[Date "2020.12.15"]
[Round "3.1"]
[White "Korobov, Anton"]
[Black "Narciso Dublan, Marc"]
[Result "1/2-1/2"]
[WhiteElo "2683"]
[BlackElo "2492"]
[Annotator "TA"]
[PlyCount "85"]
[EventDate "2020.12.13"]
[EventType "swiss"]
[EventCountry "ESP"]
[SourceTitle "playchess.com"]
[Source "ChessBase"]
[SourceQuality "1"]

{[%evp 15,85,37,45,30,39,24,34,36,39,40,41,51,91,14,16,18,52,45,59,37,53,54,60,76,82,69,117,107,113,114,108,114,135,137,131,0,0,0,0,0,0,0,0,0,0,0,0,0,0,0,6,0,0,0,0,0,0,0,0,0,0,0,0,0,0,0,0,0,0,0,0,0]} 1. e4 d6 2. d4 Nf6 3. Nc3 e5 4. Nf3 Nbd7 5. Bc4 Be7 6. O-O O-O 7. Re1 c6 8. a4 h6 9. Ba2 {C41: Philidor Defence.} Re8 10. h3 Bf8 {10...exd4 is becoming the main line.} 11. Be3 {White is slightly better.} b6 12. dxe5 dxe5 13. Nh4 Nc5 {[#]} 14. Qf3 ({White should try} 14. Qxd8 $1 $16 Rxd8 15. Ng6) 14... Be6 $11 {[#]} 15. Red1 $146 ({Predecessor:} 15. Rad1 Qc8 16. Bxe6 {½-½ (16) Galkin,A (2598)-Kunin,V (2448) Port Erin 2005}) 15... Ncd7 16. Nf5 Bxa2 17. Rxa2 Qc7 18. Raa1 Red8 19. Rd2 Ne8 20. Rad1 Ndf6 {[#]} 21. Rxd8 $1 Rxd8 22. Rxd8 Qxd8 23. Qg3 Kh7 24. Qxe5 g6 25. Nd4 (25. Qd4 $16 Qc7 26. Ng3) 25... c5 $1 {...Bd6 is the strong threat.The position is equal.} 26. Nc6 Qd7 {And now ...Bd6 would win.} 27. Qf4 Qxc6 28. e5 Bg7 {Hoping for ...Nd7.} 29. exf6 Nxf6 30. Qc4 Qd7 31. b3 Ne8 32. Qd5 Qe7 33. Qe4 Qd7 34. Nd5 Nf6 35. Nxf6+ Bxf6 36. a5 Bg5 37. Bxg5 hxg5 {[%mdl 4096] Endgame KQ-KQ} 38. a6 Qd1+ 39. Kh2 Qd2 40. Qb7 Qf4+ 41. Kg1 {Strongly threatening g3.} Qc1+ 42. Kh2 {Black must now prevent g3.} Qf4+ 43. Kg1 {Weighted Error Value: White=0.10/Black=0.06} 1/2-1/2

[Event "VII Sunway Sitges Open 2020"]
[Site "Sitges"]
[Date "2020.12.15"]
[Round "3.2"]
[White "Dardha, Daniel"]
[Black "Cheparinov, Ivan"]
[Result "0-1"]
[WhiteElo "2487"]
[BlackElo "2688"]
[Annotator "TA"]
[PlyCount "90"]
[EventDate "2020.12.13"]
[EventType "swiss"]
[EventCountry "ESP"]
[SourceTitle "playchess.com"]
[Source "ChessBase"]
[SourceQuality "1"]

{[%evp 10,90,18,4,30,13,0,24,14,0,0,0,13,9,27,-12,26,0,17,-7,0,0,0,0,0,0,0,0,0,0,0,0,0,-45,-16,-110,-110,-111,-110,-111,-110,-110,-110,-164,-134,-128,-126,-177,-177,-177,-177,-184,-155,-256,-194,-4594,-4594,-4492,-4461,-3437,-368,-4492,-4492,-29979,-29980,-29969,-29970,-29972,-29973,-29973,-29974,-29973,-29973,-29983,-29980,-29980,-29981,-29990,-29987,-29990,-29991,-29997,-29998]} 1. Nf3 c5 2. e4 d6 3. Bb5+ Nd7 4. d4 cxd4 5. Qxd4 a6 6. Bxd7+ Qxd7 {B51: Sicilian: Moscow Variation (3 Bb5+) without 3...Bd7.} 7. c4 e5 8. Qd3 f5 {White has an edge.} 9. Nc3 Nf6 10. O-O fxe4 11. Nxe4 b5 {[#]} 12. b3 $146 ({Predecessor:} 12. cxb5 Nxe4 13. Qxe4 Bb7 14. Qe3 Qxb5 15. a4 Qd5 16. Qd2 Qc4 17. Ra3 Be7 18. Rc3 Qxa4 {0-1 (38) Weisbuch,U (2222)-Vocaturo,D (2622) Caleta 2020}) 12... Bb7 13. Nfd2 Rd8 14. Bb2 Qc6 {[%cal Rf6e4]} 15. Rfe1 Be7 16. Rac1 O-O 17. cxb5 Qxb5 18. Qxb5 axb5 19. Rc7 Bxe4 20. Nxe4 Rfe8 21. g3 Rc8 (21... b4 {keeps more tension.} 22. f3 Rc8 23. Rec1 Ra8 24. Ra1 d5) 22. Rxe7 (22. Rb7 $11 {remains equal.}) 22... Rxe7 $17 23. Nxd6 Rc2 24. Rxe5 Rxe5 25. Bxe5 {[%mdl 4096] Endgame KRN-KBN} b4 26. Nf5 (26. Bxf6 $17 {was worth a try.} gxf6 27. Nf5) 26... Kf7 27. Bd6 Nd5 {[#] And now ...Rc1+ would win.} 28. Ne3 (28. Nd4 $17 Rxa2 29. h4) 28... Nxe3 $19 ({Don't take} 28... Rxa2 29. Nxd5 Rd2 30. Bxb4 $17) 29. fxe3 Rxa2 30. Bxb4 {KR-KB} h5 31. h4 (31. Bc3 $17) 31... Ke6 32. e4 $2 (32. Bc3) 32... Rb2 33. Bf8 Rxb3 34. Kf2 {[#]} Rb7 $1 {[%cal Rb7f7] Threatens to win with ...Rf7+.} 35. Bc5 $2 (35. Kg2) 35... Ke5 36. g4 Rb2+ {Black mates.} 37. Kf3 Rb3+ 38. Kg2 hxg4 39. h5 Kxe4 40. Bf8 Kf4 41. Bxg7 Rg3+ 42. Kf2 Rf3+ 43. Kg1 Rd3 44. h6 Kf3 45. h7 Rd1+ {Accuracy: White = 54%, Black = 91%.} 0-1

[Event "VII Sunway Sitges Open 2020"]
[Site "Sitges"]
[Date "2020.12.15"]
[Round "3.3"]
[White "Moussard, Jules"]
[Black "Garriga Cazorla, Pere"]
[Result "1-0"]
[WhiteElo "2626"]
[BlackElo "2487"]
[Annotator "TA"]
[PlyCount "39"]
[EventDate "2020.12.13"]
[EventType "swiss"]
[EventCountry "ESP"]
[SourceTitle "playchess.com"]
[Source "ChessBase"]
[SourceQuality "1"]

{[%evp 14,39,30,23,35,32,33,39,32,34,41,33,43,38,25,0,51,43,91,93,164,154,536,544,697,690,762,753]} 1. e4 c5 2. Nf3 d6 3. d4 cxd4 4. Nxd4 Nf6 5. Nc3 a6 6. Bd3 g6 7. f3 Bg7 8. Be3 Nc6 {B72: Sicilian Dragon: 6 Be3, lines with h3+Bc4 and sidelines.} 9. Qd2 O-O 10. O-O-O d5 {White is slightly better.} 11. Nxc6 bxc6 12. Bh6 Qa5 {[#]} 13. Bxg7 $5 $146 {[%mdl 8] New and interesting.} ({Predecessor:} 13. a3 d4 14. Ne2 Qxd2+ 15. Bxd2 c5 16. b4 Nd7 17. bxc5 a5 18. c6 Nc5 19. Bb5 {0-1 (37) Karjakin,S (2752)-Clarke,B (2429) chess.com INT 2020}) 13... Kxg7 14. b3 dxe4 (14... e5 $11) 15. Bxe4 $14 Nxe4 16. Nxe4 Qxa2 (16... Qxd2+ $16 17. Rxd2 (17. Kxd2 Rd8+ 18. Kc3 Rd5 $11) 17... h5) 17. Qc3+ $18 f6 $2 {[#]} (17... e5 $16) 18. Kd2 $1 {White is clearly winning.} Rd8+ 19. Ke3 Rd5 {If only Black now had time for ...Qa5....} 20. Ra1 {Weighted Error Value: White=0.02/Black=0.80} 1-0